New panchayatraj system: (Record no. 163320)

MARC details
000 -LEADER
fixed length control field 00648nam a2200193 4500
005 - DATE AND TIME OF LATEST TRANSACTION
control field 20190410114539.0
010 ## - LCCN (DPL NO)
LC control number ENG-125034
020 ## - INTERNATIONAL STANDARD BOOK NUMBER
International Standard Book Number 9788184841060
Terms of availability 480.00
035 ## - SYSTEM CONTROL NUMBER
System control number EN-108566
037 ## - SOURCE OF ACQUISITION
Source of stock number/acquisition DBAD/PUB
082 ## - DEWEY DECIMAL CLASSIFICATION NUMBER
Classification number 320.840
100 ## - MAIN ENTRY--PERSONAL NAME
Personal name Suresh,V
245 ## - TITLE STATEMENT
Title New panchayatraj system:
Remainder of title issues and performance/
Statement of responsibility, etc by V.Suresh [and] B.Krishnamurthy
260 ## - PUBLICATION, DISTRIBUTION, ETC. (IMPRINT)
Place of publication, distribution, etc New Delhi
Name of publisher, distributor, etc Regal Publications
Date of publication, distribution, etc 2011
270 ## - ADDRESS
Address F-159,Rajouri Garden,
City New Delhi
Postal code 110027
Telephone number 011-45546396
Electronic mail address regalbookspub@yahoo.com
300 ## - PHYSICAL DESCRIPTION
Extent xvi;117p.
Dimensions 23cms(Hbk)
500 ## - GENERAL NOTE
General note It includes bibliography and index
942 ## - ADDED ENTRY ELEMENTS (KOHA)
Source of classification or shelving scheme Dewey Decimal Classification
Item type English Books
Classification part 320.840
Call number suffix SUR
Holdings
Withdrawn status Lost status Not for loan Collection code Home library Current library Date acquired Source of acquisition Cost, normal purchase price Full call number Barcode Copy number Cost, replacement price Koha item type
    Not For Loan Non-fiction D.B.Act.Division Central Library 10/04/2019 DBAD/PUB 480.00 320.840 SUR EN-108566 1 480.00 English Books

© Delhi Public Library
Hit Counter
free hit counter